Planes: plan nacional de educación superior versión preliminar: 1976-1980 /

Uloženo v:
Podrobná bibliografie
Korporace: Consejo Nacional de Rectores, Oficina de Planificación de la Educación Superior OPES
Médium: Text
Vydáno: San José: CONARE. OPES
Tagy: Přidat tag
Žádné tagy, Buďte první, kdo vytvoří štítek k tomuto záznamu!

MARC

LEADER 00000 a a2200000 04500
001 21345
003
040
090 |a 093600  
110 |a Consejo Nacional de Rectores  
245 |a Planes: plan nacional de educación superior versión preliminar: 1976-1980 /  |c Consejo Nacional de Rectores  
260 |a San José:   |b CONARE. OPES  
300 |a s. p.  
710 |a Oficina de Planificación de la Educación Superior   |a OPES  
999 |c 811  |d 811